Komparace míry otevřenosti malých a velkých ekonomik Evropské unie (Kuznets-Woytinského metodou)
Veľkostná skladba ekonomík členských štátov EÚ. Poradie členských štátov EU - 25 podľa populácie a výšky HDP. Ekonomické kritérium miery otvorenosti krajín EÚ.
Salvato in:
| Autore principale: | |
|---|---|
| Altri autori: | |
| Natura: | Capitolo di libro |
| Lingua: | ceco |
| Soggetti: | |
| Tags: |
Nessun Tag, puoi essere il primo ad aggiungerne!!
|
MARC
| LEADER | 00000naa$a2200000$$$4500 | ||
|---|---|---|---|
| 001 | 0070145 | ||
| 005 | 20231107110432.1 | ||
| 041 | 0 | |a cze | |
| 044 | |a CZ | ||
| 245 | 1 | 0 | |a Komparace míry otevřenosti malých a velkých ekonomik Evropské unie (Kuznets-Woytinského metodou) |c Bohumír Zlý, Irena Paličková |
| 520 | |a Veľkostná skladba ekonomík členských štátov EÚ. Poradie členských štátov EU - 25 podľa populácie a výšky HDP. Ekonomické kritérium miery otvorenosti krajín EÚ. | ||
| 610 | 2 | 0 | |a analýza komparatívna |
| 610 | 2 | 0 | |a hospodárstvo otvorené |
| 610 | 2 | 0 | |a populácia |
| 610 | 2 | 0 | |a Európska únia |
| 610 | 2 | 0 | |a porovnanie medzinárodné |
| 610 | 2 | 0 | |a analýza regresná |
| 100 | 1 | |a Zlý, Bohumír | |
| 700 | 1 | |a Paličková, Irena | |